Culture aéronautique et physique du vol 🌪️ - Statistiques

Statistiques générales
  • Ce quiz a Ă©tĂ© pris 61 fois
  • Le rĂ©sultat moyen est 2 sur 17
Statistiques - réponses
Hint Réponse % Correct
RĂ´le des volets hypersustentateurs ? Augmenter la portance aux basses vitesses
47%
Vitesse max du Concorde ? Mach 2.2
45%
Pression atmosphérique standard ? 1013 hPa
40%
Couleur du carburant AVGAS 100LL ? Bleu
36%
Manque d’oxygène en altitude ? Hypoxie
30%
Vitesse du son en condition standard ? 1224 km/h ou 340 m/s
15%
Que mesure le tube de Pitot ? Pression dynamique pour calculer la vitesse
11%
VOR ? VHF omnidirectional range
9%
Nombre de passagers dans le Concorde ? 100 Ă  110 passagers
2%
Système ACARS ? Aircraft Communication Addressing and Reporting System
0%
Qu’est-ce que le gauchissement ? Déformation des ailes pour contrôler le roulis
0%
Ailerons ? Gouvernes permettant le roulis de l’avion
0%
Qu’est-ce qu’un badin ? Instrument affichant la vitesse air
0%
Axes de l’avion en français / anglais ? Lacet, roulis, tangage / Yaw, roll, pitch
0%
G-LOC ? Perte de connaissance due aux forces G
0%
Vitesse de rotation ? Vitesse à laquelle un avion décolle
0%
Tropopause ? Zone entre troposphère et stratosphère (~10-15 km d’altitude)
0%
Aucun quiz correspondant
Distribution des résultats
% des personnes avec chaque résultat
Percentile par nombre de réponses
Votre historique - résultats
Vous n’avez pas pris ce quiz